1246 1794 1616 1167 1159 1871 1488 1056 1018 1557 1971 1117 1562 1293 1863 1008 1139 1195 1726 1915 1821 1084 1841 1508 1896 1086 1993 1291 1087 1320 1906 1059 1130 1801 1617 1742 1500 1746 1967 1200 1318 1728 1489 1865 1603 1527 1513 1555 1842 1501 1071 1896 1068 1913 1895 1898 1399 1524 1645 1464 1573 1757 1578 1731 1667 1878 1475 1310 1414 1579 1336 1522 1102 1623 1434 1995 1077 1094 1062 1074 1057 1469 1725 1075 1002 1448 1131 1073 1015 1982 1783 1457 1728 1516 1376 1520 1542 1965 1769 BCNSPRNW ULIB Ver.6.0+V

เปลี่ยนเป็นภาษาไทย

Change to English
 แสดงรายละเอียดบรรณานุกรม
  กลับหน้าหลัก

Brief Record : Get Marc (ISO 2709) : E-mail record : QR code < ปิดหน้าต่าง
LEADER : 00000nam 2200000uu 4500
001    13399128041
003     ULIB
008    220125s2563||||th 000 0 tha d
020    ^a9786168199473
050    ^aนว.^bธ511อ
100    ^aธาดา
245    ^aอวัสดา
250    ^aพิมพ์ครั้งที่ 1
260    ^aนนทบุรี :^bดีต่อใจ,^c2563
300    ^a256 หน้า;^b21 ซม.
650    ^aนวนิยาย
945    ^p200^l0^i29186
999    ^aกัณชพร จุลอักษร
รายการนี้ยังไม่มีแท็ก
คุณยังไม่ได้ล็อกอิน คุณสามารถมีกิจกรรมร่วมกับเว็บไซต์ได้ แต่ต้องล็อกอินก่อน ::
  ล็อกอิน

รายการสื่อสารสนเทศ

ลำดับที่ ประเภท เลขเรียก/บาร์โค้ด สถานที่ สถานะ
1. วิทยาศาสตร์การแพทย์ และสุขภาพ
วิทยาศาสตร์การแพทย์ และสุขภาพ
นว. ธ511อ ฉ.1 
  Barcode: 29186
ห้องสมุดวิทยาเขตนครสวรรค์
►นวนิยาย:l:Fiction
บนชั้น

รายการใกล้เคียง
    ชื่อเรื่อง [อวัสดา]

    ผู้แต่ง [ธาดา]

    หัวเรื่อง [นวนิยาย]

BibComment


ยังไม่เคยถูกคอมเมนท์

คอมเมนท์ทรัพยากรรายการนี้
  คอมเมนท์: อวัสดา


 Copyright 2026. Bcnsprnw @Library